000 00385nam a2200193Ia 4500
001 14174
003 GE_BSU
008 181216s||||||||xx |||||||||||||| ||und||
040 _cGE_BSU
080 _a821.111-31
100 _aHailey,Arthur
245 _aHotel
260 _aLondon
260 _bPan books
260 _c1965
300 _a405p.18cm.
653 _aHotel
942 _cBK
999 _c47313
_d47313